College Quizbowl Stats
College Quizbowl Stats
Circuits
Seasons
Sets
Records
Detailed Stats
About
Loading...
California (South)
Tossups
Bonuses
Players
Teams
Categories (Tossup)
Categories (Bonus)
Brook Issayas
Vanderbilt B
Categories
Category
Powers
Gets
Negs
BBs
Points
Earliest Buzz
Avg. Buzz
First Buzzes
Top 3 Buzzes
BPA
PVF
Fine Arts - Classical Music
0
5
0
1
50
77
119.40
1
4
0.00
0.00
Pop Culture
0
1
0
0
10
105
105.00
0
0
0.00
0.00
Fine Arts - Painting and Sculpture
0
0
0
0
0
0.00
0
0
0.00
0.00
Buzzes
Category
Answer
Value
Buzz Position
Fine Arts - Classical Music
Brandenburg Concertos
10
77
Pop Culture
Vince Gilligan
10
105
Fine Arts - Classical Music
Felix Mendelssohn
10
123
Fine Arts - Classical Music
César Franck
10
130
Fine Arts - Painting and Sculpture
John Constable
0
132
Fine Arts - Classical Music
Harold in Italy
10
133
Fine Arts - Classical Music
Czechia
10
134
Previous
1
Next